TB. OF ANATOMY & PHYSIOLOGY FOR NURSES (Record no. 2060)

MARC details
000 -LEADER
fixed length control field 00342nam a2200145Ia 4500
008 - FIXED-LENGTH DATA ELEMENTS--GENERAL INFORMATION
fixed length control field 150201s2010 xx 000 0 und d
082 ## - DEWEY DECIMAL CLASSIFICATION NUMBER
Classification number 611
Item number A10K
100 ## - MAIN ENTRY--PERSONAL NAME
Personal name KURANA , INDU
245 ## - TITLE STATEMENT
Title TB. OF ANATOMY & PHYSIOLOGY FOR NURSES
250 ## - EDITION STATEMENT
Edition statement 1ST
260 ## - PUBLICATION, DISTRIBUTION, ETC. (IMPRINT)
Name of publisher, distributor, etc. CBS
Place of publication, distribution, etc. DELHI
Date of publication, distribution, etc. 2010
300 ## - PHYSICAL DESCRIPTION
Extent 512
650 ## - SUBJECT ADDED ENTRY--TOPICAL TERM
Topical term or geographic name as entry element ANATOMY
942 ## - ADDED ENTRY ELEMENTS (KOHA)
Source of classification or shelving scheme Dewey Decimal Classification
Koha item type Books
Koha issues (borrowed), all copies 60
Holdings
Withdrawn status Lost status Source of classification or shelving scheme Damaged status Not for loan Collection code Home library Current library Shelving location Date acquired Source of acquisition Cost, normal purchase price SGTU Bill Number Total Checkouts Full call number Barcode Date last seen Date last checked out Bill Date Koha item type Total Renewals
    Dewey Decimal Classification     NURSING SGT Medical Library SGT Medical Library Text Book 28/01/2013 NBM DELHI 625.00 SGTU 1345 20 611 A10K FN681 30/07/2024 02/07/2024 28/01/2013 Books  
    Dewey Decimal Classification     NURSING SGT Medical Library SGT Medical Library Text Book 28/01/2013 NBM DELHI 625.00 SGTU 1345 23 611 A10K FN682 22/05/2024 09/05/2024 28/01/2013 Books  
    Dewey Decimal Classification     NURSING SGT Medical Library SGT Medical Library Text Book 28/01/2013 NBM DELHI 625.00 SGTU 1345 25 611 A10K FN683 22/07/2025 22/07/2025 28/01/2013 Books  
    Dewey Decimal Classification     NURSING SGT Medical Library SGT Medical Library Text Book 28/01/2013 NBM DELHI 625.00 SGTU 1345 22 611 A10K FN684 11/06/2024 03/06/2024 28/01/2013 Books 1
    Dewey Decimal Classification     NURSING SGT Medical Library SGT Medical Library Text Book 28/01/2013 NBM DELHI 625.00 SGTU 1345 20 611 A10K FN685 29/02/2024 15/02/2024 28/01/2013 Books